[Event "33. Potsdamer Weihnachtsturnier"]
[Site "Potsdam"]
[Date "2008.12.30"]
[Round "7.28"]
[White "Toth, Hans-Juergen"]
[Black "Lenz, Tobias"]
[Result "0-1"]
[WhiteElo "1701"]
[BlackElo "1915"]
[PlyCount "118"]
[EventDate "2009.??.??"]
[WhiteTeam "SF Zehdenick"]
[BlackTeam "BSG Pneumant Fuerstenwalde e.V."]

1. f4 d5 2. Nf3 Nf6 3. e3 g6 4. b3 Bg7 5. Bb2 O-O 6. Be2 b6 7. O-O Bb7 8. c4
e6 9. cxd5 exd5 10. Ne5 Nfd7 11. Nxd7 Bxb2 12. Nxf8 Bxa1 13. Nxh7 Kxh7 14. d4
Qe7 15. Rf3 Bb2 16. Rg3 Nc6 17. Bh5 Qf6 18. Qc2 Bc8 19. Bxg6+ fxg6 20. Qxb2 Bf5
21. Nd2 Nd8 22. Nf3 Nf7 23. h4 c5 24. Ng5+ Nxg5 25. hxg5 Qe7 26. Qc3 Rc8
27. Rf3 c4 28. bxc4 dxc4 29. Rf2 Qe4 30. Rd2 Qd5 31. g3 Qa5 32. Qxa5 bxa5
33. Rd1 c3 34. Rc1 c2 35. Kf2 Rb8 36. Ke2 Rb2 37. Kd2 Rxa2 38. d5 Kg7 39. d6
Rb2 40. g4 Bxg4 41. Rxc2 Rxc2+ 42. Kxc2 Bf5+ 43. Kb3 Kf7 44. Ka4 Ke6 45. d7
Kxd7 46. Kxa5 Kd6 47. Ka6 Kd5 48. Kxa7 Ke4 49. Kb6 Kxe3 50. Kc5 Kxf4 51. Kd4
Kxg5 52. Ke3 Kg4 53. Kf2 g5 54. Kg2 Be4+ 55. Kh2 Kf3 56. Kh3 Bf5+ 57. Kh2 Kf2
58. Kh1 g4 59. Kh2 g3+ 0-1

[Event "33. Potsdamer Weihnachtsturnier"]
[Site "Potsdam"]
[Date "2008.12.30"]
[Round "7.30"]
[White "Krusemark, Gerhard"]
[Black "Petrak, Falk"]
[Result "0-1"]
[WhiteElo "1895"]
[BlackElo "1728"]
[PlyCount "74"]
[EventDate "2009.??.??"]
[WhiteTeam "TSG Rot-Weiß Fredersdorf/Vogelsd"]
[BlackTeam "Potsdamer SV Mitte e.V."]

1. e4 e6 2. Qe2 b6 3. g3 Bb7 4. Bg2 Nf6 5. d3 d5 6. e5 Nfd7 7. d4 c5 8. c3 Ba6
9. Qc2 Nc6 10. Be3 cxd4 11. Bxd4 Nxd4 12. cxd4 Qc8 13. Nc3 Bb4 14. Rc1 Qc4
15. Ne2 Bxc3+ 16. bxc3 Rc8 17. Bf3 b5 18. O-O Nb6 19. Rb1 b4 20. Rfc1 bxc3
21. a3 O-O 22. Rb3 Qa4 23. Nxc3 Qxd4 24. Re1 Na4 25. Re3 Nxc3 26. Rbxc3 Rxc3
27. Rxc3 Qxe5 28. Qc1 Bc4 29. Re3 Qd6 30. h4 Rb8 31. Kh2 Qb6 32. Bg2 Qb2
33. Qe1 h6 34. a4 Rb3 35. Re5 Qb1 36. Qa5 Qb2 37. Qxa7 Qxe5 0-1

[Event "33. Potsdamer Weihnachtsturnier"]
[Site "Potsdam"]
[Date "2008.12.30"]
[Round "7.31"]
[White "Nuenchert, Reinhard"]
[Black "Lehnert, Stefan"]
[Result "1-0"]
[WhiteElo "1890"]
[BlackElo "1678"]
[PlyCount "99"]
[EventDate "2009.??.??"]
[WhiteTeam "USV Potsdam e.V., Abt. Schach"]
[BlackTeam "SV Sangerhausen e. V."]

1. d4 Nf6 2. c4 e6 3. Nc3 d5 4. Nf3 c5 5. e3 Nc6 6. cxd5 exd5 7. Ne5 a6 8. Be2
Be7 9. O-O O-O 10. Nxc6 bxc6 11. b3 cxd4 12. exd4 Bf5 13. Na4 Nd7 14. Bf4 Nb6
15. Nc5 a5 16. Rc1 Bxc5 17. Rxc5 Bd7 18. a4 Nc8 19. Bd3 Qh4 20. Bg3 Qf6 21. Qd2
Re8 22. Bc7 Nd6 23. Rxa5 Rxa5 24. Bxa5 Bf5 25. Bc3 Qg6 26. Bxf5 Nxf5 27. Qf4 h5
28. Re1 Rxe1+ 29. Bxe1 Nd6 30. h3 Qb1 31. Qxd6 Qxe1+ 32. Kh2 Qc3 33. b4 Qxd4
34. a5 Qc4 35. Qc5 Qf4+ 36. g3 Qe5 37. Qe3 Qc7 38. a6 Qb8 39. a7 Qd8 40. Qe5
Kh7 41. Qxh5+ Kg8 42. Qe5 Kh7 43. Kg2 d4 44. Qe4+ g6 45. Qxc6 d3 46. a8=Q Qd4
47. Qd5 Qc3 48. Qxf7+ Kh6 49. Qaf8+ Kg5 50. Qf4+ 1-0

[Event "33. Potsdamer Weihnachtsturnier"]
[Site "Potsdam"]
[Date "2008.12.30"]
[Round "7.32"]
[White "Fuchs, Dominik"]
[Black "Reinke, Martin"]
[Result "1/2-1/2"]
[WhiteElo "1098"]
[BlackElo "1886"]
[PlyCount "48"]
[EventDate "2009.??.??"]
[WhiteTeam "SC Zitadelle Spandau 1977 e.V."]
[BlackTeam "Verein Segeberger SF"]

1. e4 c5 2. Nf3 d6 3. d4 cxd4 4. Nxd4 Nc6 5. Nc3 g6 6. Be3 Bg7 7. Bc4 Nf6
8. O-O O-O 9. h3 Bd7 10. Qd2 Rc8 11. Bb3 a6 12. f4 Na5 13. Rad1 Nxb3 14. axb3
Qc7 15. f5 b5 16. Rc1 b4 17. Nd5 Nxd5 18. exd5 Qb7 19. fxg6 hxg6 20. Bh6 Bxh6
21. Qxh6 Qxd5 22. Rf4 Qh5 23. Qxh5 gxh5 24. Nf5 Bxf5 1/2-1/2

[Event "33. Potsdamer Weihnachtsturnier"]
[Site "Potsdam"]
[Date "2008.12.30"]
[Round "7.34"]
[White "Brinckmann, Dieter"]
[Black "Maslov, Maxim"]
[Result "1-0"]
[WhiteElo "1846"]
[BlackElo "1209"]
[PlyCount "89"]
[EventDate "2009.??.??"]
[WhiteTeam "SK Zehlendorf"]
[BlackTeam "SC Zitadelle Spandau 1977 e.V."]

1. d4 Nf6 2. c4 e6 3. Nc3 Bb4 4. Qc2 Bxc3+ 5. Qxc3 d5 6. Bg5 Nbd7 7. Nf3 h6
8. Bh4 g5 9. Bg3 Ne4 10. Qc2 Nxg3 11. hxg3 Qf6 12. e3 c6 13. Bd3 e5 14. cxd5
cxd5 15. Bb5 exd4 16. Nxd4 Qb6 17. Qb3 Qa5+ 18. Kf1 a6 19. Bxd7+ Kxd7 20. Rc1
Ke7 21. Qc3 Qxc3 22. Rxc3 Kd6 23. Ke2 Bd7 24. f3 h5 25. Kf2 h4 26. gxh4 gxh4
27. Ne2 Rag8 28. Nf4 Rc8 29. Rd1 Be6 30. Nxd5 Bxd5 31. e4 Rxc3 32. Rxd5+ Ke6
33. bxc3 Rc8 34. Rd3 f5 35. Ke3 Rc4 36. exf5+ Kxf5 37. Kf2 b5 38. Kg1 Kf4
39. Kh2 b4 40. cxb4 Rxb4 41. Ra3 Rb6 42. Kh3 Rg6 43. Ra4+ Ke3 44. Rg4 Rxg4
45. Kxg4 1-0

[Event "33. Potsdamer Weihnachtsturnier"]
[Site "Potsdam"]
[Date "2008.12.30"]
[Round "7.36"]
[White "Thiering, Dietmar"]
[Black "Scheide, Helmut"]
[Result "1/2-1/2"]
[WhiteElo "1489"]
[BlackElo "1991"]
[PlyCount "76"]
[EventDate "2009.??.??"]
[WhiteTeam "ohne Verein"]
[BlackTeam "USV Potsdam e.V., Abt. Schach"]

1. g3 Nf6 2. Bg2 d5 3. Nf3 c6 4. d3 g6 5. c3 Bg7 6. O-O Nbd7 7. Nbd2 e5 8. Qc2
O-O 9. e4 Re8 10. b3 Nf8 11. Bb2 Nh5 12. d4 dxe4 13. Nxe5 f5 14. a4 Qc7
15. Nec4 Bd7 16. Rac1 Rad8 17. Rfe1 Be6 18. Nf1 Bd5 19. Nce3 f4 20. Nxd5 cxd5
21. g4 f3 22. Bxf3 exf3 23. gxh5 Qf4 24. Ng3 Bh6 25. Rcd1 Rxe1+ 26. Rxe1 gxh5
27. Bc1 Qh4 28. Qf5 Bxc1 29. Rxc1 Ng6 30. Qxf3 Nf4 31. Re1 Rf8 32. Kh1 Qh3
33. Rg1 Kh8 34. Qe3 Ng6 35. c4 h4 36. Ne2 Rf3 37. Qe8+ Rf8 38. Qe3 Rf3 1/2-1/2

[Event "33. Potsdamer Weihnachtsturnier"]
[Site "Potsdam"]
[Date "2008.12.30"]
[Round "7.37"]
[White "Bielick, Jakob"]
[Black "Koeckeritz, Dieter"]
[Result "1-0"]
[WhiteElo "1576"]
[BlackElo "1852"]
[PlyCount "45"]
[EventDate "2009.??.??"]
[WhiteTeam "USV Potsdam e.V., Abt. Schach"]
[BlackTeam "BSG 1827 Eckbauer e.V."]

1. e4 c5 2. Nf3 e6 3. d4 cxd4 4. Nxd4 Nc6 5. a3 Nf6 6. Nc3 a6 7. Be2 Be7
8. O-O O-O 9. Kh1 d6 10. f4 Qc7 11. Rf3 Nxd4 12. Qxd4 e5 13. Qf2 b5 14. f5 Bb7
15. Bd3 d5 16. Nxd5 Nxd5 17. exd5 Bxd5 18. Rg3 Bh4 19. Rxg7+ Kxg7 20. f6+ Bxf6
21. Bh6+ Kxh6 22. Qxf6+ Kh5 23. Be2+ 1-0

[Event "33. Potsdamer Weihnachtsturnier"]
[Site "Potsdam"]
[Date "2008.12.30"]
[Round "7.38"]
[White "Eichstaedt, Mirko"]
[Black "Hahn, Thomas"]
[Result "0-1"]
[WhiteElo "1410"]
[BlackElo "1781"]
[PlyCount "110"]
[EventDate "2009.??.??"]
[WhiteTeam "USV Potsdam e.V., Abt. Schach"]
[BlackTeam "SC Empor Potsdam 1952 e.V."]

1. c4 Nf6 2. Nc3 g6 3. g3 Bg7 4. Bg2 O-O 5. d4 d6 6. Nf3 Nbd7 7. O-O e5 8. e3
c6 9. Rb1 Re8 10. dxe5 dxe5 11. b4 Qc7 12. a4 Nb6 13. c5 Nbd5 14. Nxd5 Nxd5
15. Qb3 Bf5 16. Rb2 Be6 17. Ng5 Nf4 18. Nxe6 Nxe6 19. Rd2 Rad8 20. Rfd1 a5
21. b5 Rxd2 22. Rxd2 Nxc5 23. Qc4 cxb5 24. axb5 b6 25. Rc2 Bf8 26. Ba3 Rc8
27. Bh3 Rd8 28. Bg4 Qd6 29. Rc1 Qd3 30. Rc3 Qxc4 31. Rxc4 f5 32. Be2 Rd2
33. Bxc5 Bxc5 34. Kf1 Kg7 35. Ke1 Rb2 36. Ra4 Bb4+ 37. Kf1 Kf6 38. h3 h6 39. g4
Rb1+ 40. Kg2 Rb2 41. Kf1 Kg5 42. gxf5 gxf5 43. Bf3 e4 44. Be2 Kh4 45. Ra1 Kxh3
46. Rd1 Bd2 47. f4 Kg3 48. Bh5 Bxe3 49. Ke1 Kxf4 50. Be2 Kg3 51. Kf1 f4 52. Re1
f3 53. Bc4 Rf2+ 54. Kg1 Rg2+ 55. Kf1 Rg1# 0-1

[Event "33. Potsdamer Weihnachtsturnier"]
[Site "Potsdam"]
[Date "2008.12.30"]
[Round "7.39"]
[White "Lange, Werner"]
[Black "Koenig, Florian"]
[Result "1-0"]
[WhiteElo "1763"]
[BlackElo "1281"]
[PlyCount "43"]
[EventDate "2009.??.??"]
[WhiteTeam "SSV Rotation Berlin e.V."]
[BlackTeam "SK Tempelhof 1931 e.V."]

1. e4 e5 2. d4 exd4 3. c3 dxc3 4. Bc4 Qf6 5. Nxc3 Bc5 6. Nf3 d6 7. O-O Ne7
8. Bg5 Qg6 9. Bxe7 Kxe7 10. Nd5+ Kd8 11. b4 Bxb4 12. Nxb4 Qxe4 13. Qb3 Be6
14. Nd5 b6 15. Ng5 Qf5 16. Nxe6+ fxe6 17. Ne3 Qg5 18. Bxe6 Nd7 19. f4 Qc5
20. Rac1 Qd4 21. Bxd7 Kxd7 22. Qf7+ 1-0

[Event "33. Potsdamer Weihnachtsturnier"]
[Site "Potsdam"]
[Date "2008.12.30"]
[Round "7.40"]
[White "Nguyen Manh, Hoang"]
[Black "Klemm, David"]
[Result "0-1"]
[WhiteElo "1306"]
[BlackElo "1745"]
[PlyCount "92"]
[EventDate "2009.??.??"]
[WhiteTeam "USC Magdeburg"]
[BlackTeam "Muldental Wilkau-Hasslau"]

1. e4 e5 2. Nf3 Nf6 3. Nc3 Bb4 4. Bc4 Nc6 5. O-O d6 6. a3 Ba5 7. b4 Bb6 8. d3
Nd4 9. h3 Be6 10. Ba2 Qd7 11. Kh2 O-O-O 12. a4 a6 13. Be3 h6 14. Nd5 Bxd5
15. Bxd5 g5 16. c3 Nc6 17. a5 Bxe3 18. fxe3 Nxd5 19. exd5 Ne7 20. e4 f5 21. c4
f4 22. Qb3 g4 23. Ng1 gxh3 24. Nxh3 Rdg8 25. b5 Rxg2+ 26. Kxg2 Qg4+ 27. Kf2
Qxh3 28. Ke2 Rg8 29. Rae1 Rg2+ 30. Kd1 Qh2 31. Kc1 Ra2 32. Kb1 Rxa5 33. Rh1 Qf2
34. Ref1 Qd4 35. Kc2 axb5 36. cxb5 Qc5+ 37. Qc4 Rxb5 38. Rxh6 Qb6 39. Rh8+ Kd7
40. Qa4 c6 41. Ra1 Qf2+ 42. Kc1 Qe3+ 43. Kd1 Qxd3+ 44. Ke1 Rb2 45. dxc6+ Nxc6
46. Rh7+ Ke6 0-1

[Event "33. Potsdamer Weihnachtsturnier"]
[Site "Potsdam"]
[Date "2008.12.30"]
[Round "7.43"]
[White "Platzek, Rayk"]
[Black "Schlueter, Sabrina"]
[Result "1/2-1/2"]
[WhiteElo "1280"]
[BlackElo "1758"]
[PlyCount "47"]
[EventDate "2009.??.??"]
[WhiteTeam "SK Tempelhof 1931 e.V."]
[BlackTeam "Moellner SV"]

1. d4 d5 2. c4 e6 3. Nc3 c6 4. Nf3 Nf6 5. Bg5 Nbd7 6. e3 Be7 7. Bd3 O-O 8. O-O
c5 9. cxd5 cxd4 10. Nxd4 Nxd5 11. Bxe7 Nxe7 12. Qc2 Nf6 13. Rfd1 Bd7 14. Rac1
Rc8 15. Qb1 Qa5 16. Nb3 Qg5 17. Bxh7+ Kh8 18. Ne4 Rxc1 19. Rxc1 Nxe4 20. Bxe4
Bc6 21. Bxc6 Nxc6 22. Rc5 Qh4 23. g3 Qg4 24. Qc2 1/2-1/2

[Event "33. Potsdamer Weihnachtsturnier"]
[Site "Potsdam"]
[Date "2008.12.30"]
[Round "7.44"]
[White "Neumann, Horst"]
[Black "Geike, Eberhard"]
[Result "1-0"]
[WhiteElo "1438"]
[BlackElo "1714"]
[PlyCount "67"]
[EventDate "2009.??.??"]
[WhiteTeam "ESV Kirchmoeser e.V., Schachabt."]
[BlackTeam "SF Siemensstadt"]

1. c4 Nf6 2. Nc3 d5 3. cxd5 Nxd5 4. g3 Nf6 5. Bg2 e5 6. d3 c6 7. Nf3 Qc7 8. a3
h6 9. O-O Be6 10. b4 Nbd7 11. Ne1 Be7 12. Qc2 O-O 13. f4 Qb6+ 14. Kh1 exf4
15. Bxf4 Rac8 16. Qd2 Kh7 17. e4 Rh8 18. e5 Nh5 19. Be3 Qd8 20. Bf3 g6 21. Bxh5
gxh5 22. d4 Kg7 23. Nd3 Bg5 24. Rf2 Nb6 25. Bxg5 hxg5 26. Nc5 Rc7 27. Rf6 Bd5+
28. Kg1 Bc4 29. Qxg5+ Kf8 30. Qf4 Rh7 31. Ne6+ Bxe6 32. Rxe6 Nd5 33. Nxd5 Qxd5
34. Rd6 1-0

[Event "33. Potsdamer Weihnachtsturnier"]
[Site "Potsdam"]
[Date "2008.12.30"]
[Round "7.45"]
[White "Mohr, Horst"]
[Black "Zorn, Nico"]
[Result "1/2-1/2"]
[WhiteElo "1599"]
[BlackElo "1368"]
[PlyCount "67"]
[EventDate "2009.??.??"]
[WhiteTeam "SC Caissa Falkensee e.V."]
[BlackTeam "SC Einheit Luckau, Abt. Schach"]

1. d4 Nf6 2. Nf3 e6 3. Bf4 d5 4. e3 Bd6 5. Bxd6 Qxd6 6. c3 O-O 7. Bd3 b6
8. O-O Ba6 9. Re1 Bxd3 10. Qxd3 Nbd7 11. Nbd2 c5 12. e4 dxe4 13. Nxe4 Nxe4
14. Rxe4 Nf6 15. Rh4 Rfd8 16. Qe2 h6 17. dxc5 Qxc5 18. Rd4 Rxd4 19. Nxd4 Rd8
20. Rd1 Qh5 21. Rd2 Qxe2 22. Rxe2 Ng4 23. h3 e5 24. Nf3 Rd1+ 25. Ne1 Nf6 26. f3
Nd7 27. Kf2 Rd6 28. Nc2 f5 29. Ne3 g6 30. Nc4 Rd5 31. Ne3 Rd6 32. Nc4 Rd5
33. Ne3 Rd6 34. Nc4 1/2-1/2

[Event "33. Potsdamer Weihnachtsturnier"]
[Site "Potsdam"]
[Date "2008.12.30"]
[Round "7.46"]
[White "Perestjuk, Marko"]
[Black "Steppan, Siegfried"]
[Result "1/2-1/2"]
[WhiteElo "1269"]
[BlackElo "1586"]
[PlyCount "79"]
[EventDate "2009.??.??"]
[WhiteTeam "SC Zitadelle Spandau 1977 e.V."]
[BlackTeam "SV Werder/H."]

1. e4 c6 2. d4 d5 3. exd5 cxd5 4. c4 Nf6 5. Nc3 e6 6. Bg5 Be7 7. Nf3 O-O 8. c5
Nc6 9. a3 h6 10. Bh4 Bd7 11. Bd3 a6 12. Na4 Ne4 13. Bxe7 Qxe7 14. Nb6 Rad8
15. O-O Qf6 16. Bc2 Ng5 17. Nxg5 Qxg5 18. Qd3 g6 19. Rfe1 Qf6 20. Rad1 Ne7
21. Qe3 Qg7 22. a4 Bc6 23. Qg3 Kh7 24. Re3 Ng8 25. Rf3 Nf6 26. Qe5 Nd7
27. Qxg7+ Kxg7 28. a5 Bb5 29. Bd3 Bc6 30. Bc2 Nf6 31. Re1 Ne8 32. h4 Nf6
33. Kh2 Rfe8 34. Kh3 h5 35. Rf4 Re7 36. Rf3 Rde8 37. Rfe3 Ng4 38. R3e2 Nf6
39. f3 Nd7 40. g4 1/2-1/2

[Event "33. Potsdamer Weihnachtsturnier"]
[Site "Potsdam"]
[Date "2008.12.30"]
[Round "7.49"]
[White "Fahsel, Nico"]
[Black "Mildenberger, Hans"]
[Result "1-0"]
[WhiteElo "1130"]
[BlackElo "1565"]
[PlyCount "51"]
[EventDate "2009.??.??"]
[WhiteTeam "Schachverein Stroebeck"]
[BlackTeam "BVG Helmholtz"]

1. d4 Nf6 2. Nc3 d5 3. Nf3 e6 4. Bg5 h6 5. Bf4 Bd6 6. Bxd6 Qxd6 7. e3 O-O
8. Bd3 Nbd7 9. O-O a6 10. e4 dxe4 11. Nxe4 Qb6 12. Rb1 Re8 13. c3 c5 14. dxc5
Nxc5 15. Nxf6+ gxf6 16. Bc2 e5 17. b4 Ne6 18. Qd3 Nf8 19. Rbd1 e4 20. Qe2 Bf5
21. Nh4 Bh7 22. Qg4+ Kh8 23. Qh5 Kg7 24. Bb3 Bg6 25. Nf5+ Bxf5 26. Qxf7+ 1-0

[Event "33. Potsdamer Weihnachtsturnier"]
[Site "Potsdam"]
[Date "2008.12.30"]
[Round "7.50"]
[White "Nguyen Manh, Phong"]
[Black "Werthmann, Nils"]
[Result "1/2-1/2"]
[WhiteElo "1009"]
[BlackElo "1123"]
[PlyCount "36"]
[EventDate "2009.??.??"]
[WhiteTeam "USC Magdeburg"]
[BlackTeam "USV Potsdam e.V., Abt. Schach"]

1. e4 e5 2. Nf3 Nf6 3. Nc3 Nc6 4. Bc4 Nxe4 5. d3 Nxc3 6. bxc3 d5 7. Bb3 Bg4
8. h3 Bh5 9. g4 Bg6 10. Bg5 f6 11. Bh4 Be7 12. Qe2 O-O 13. O-O Bf7 14. Bg3 Re8
15. h4 Na5 16. Qd2 Nxb3 17. cxb3 h6 18. g5 Bh5 1/2-1/2

[Event "33. Potsdamer Weihnachtsturnier"]
[Site "Potsdam"]
[Date "2008.12.30"]
[Round "7.51"]
[White "Cech, Tim"]
[Black "Piel, Robert"]
[Result "0-1"]
[WhiteElo "1122"]
[BlackElo "1122"]
[PlyCount "122"]
[EventDate "2009.??.??"]
[WhiteTeam "USV Potsdam e.V., Abt. Schach"]
[BlackTeam "USC Magdeburg"]

1. e4 e5 2. Nf3 Nc6 3. Nc3 Bc5 4. Nxe5 Bxf2+ 5. Kxf2 Nxe5 6. d4 Nc6 7. Bb5
Qf6+ 8. Qf3 Qxf3+ 9. gxf3 Nxd4 10. Bd3 d6 11. Nd5 Kd8 12. c3 Nc6 13. Rg1 Ne5
14. Be2 Ng6 15. Bg5+ f6 16. Be3 c6 17. Nf4 Nxf4 18. Bxf4 d5 19. exd5 g5 20. Be3
cxd5 21. Rad1 Ne7 22. Bd4 Rf8 23. Bc5 Be6 24. c4 b6 25. Bxe7+ Kxe7 26. cxd5 Bf7
27. d6+ Kd8 28. b3 Rc8 29. Bd3 h6 30. Bf5 Rc5 31. Bd3 Bd5 32. Rc1 Kd7 33. Rxc5
bxc5 34. Rd1 Re8 35. Bb5+ Bc6 36. Bxc6+ Kxc6 37. d7 Rd8 38. Ke3 Rxd7 39. Rxd7
Kxd7 40. Ke4 Ke6 41. f4 f5+ 42. Ke3 gxf4+ 43. Kxf4 Kf6 44. h3 h5 45. h4 Ke6
46. Kg5 Ke5 47. Kxh5 Ke4 48. Kg5 f4 49. h5 f3 50. h6 f2 51. h7 f1=Q 52. h8=Q
Qf4+ 53. Kg6 Qf5+ 54. Kh6 Qh3+ 55. Kg7 Qxh8+ 56. Kxh8 Kd3 57. Kg7 Kc3 58. Kf6
Kb2 59. Ke5 Kxa2 60. Kd5 Kxb3 61. Kxc5 a5 0-1

[Event "33. Potsdamer Weihnachtsturnier"]
[Site "Potsdam"]
[Date "2008.12.30"]
[Round "7.54"]
[White "Fischer, Semen"]
[Black "Semmler, Eva"]
[Result "1-0"]
[WhiteElo "2001"]
[BlackElo "781"]
[PlyCount "73"]
[EventDate "2009.??.??"]
[WhiteTeam "USV Potsdam e.V., Abt. Schach"]
[BlackTeam "SC Einheit Luckau, Abt. Schach"]

1. Nc3 e5 2. e4 Nc6 3. Bc4 Bc5 4. a3 Nf6 5. d3 O-O 6. b4 Bd4 7. Nge2 Bxc3+
8. Nxc3 d6 9. Bg5 h6 10. Bh4 Qd7 11. Bxf6 gxf6 12. Nd5 f5 13. Nf6+ Kh8 14. Nxd7
Bxd7 15. Qh5 Kh7 16. Bxf7 Ne7 17. exf5 Be8 18. Bxe8 Raxe8 19. g4 a6 20. f6 Nd5
21. g5 Nxf6 22. Qxh6+ Kg8 23. gxf6 Kf7 24. Rg1 Ke6 25. Rg6 Kd5 26. Kd2 b5
27. c4+ Kc6 28. cxb5+ Kxb5 29. Rc1 c6 30. Qg7 Rg8 31. Qxg8 Rxg8 32. Rxg8 c5
33. f7 Ka4 34. f8=Q cxb4 35. Qxd6 bxa3 36. Qxa6+ Kb4 37. Rb8# 1-0